000
00280nam a22001217a 4500
008
180205b xxu||||| |||| 00| 0 eng d
041
_a
eng
080
_a
338
100
_a
54
101
_a
MEN
245
_a
Problem finding and problem solving
_c
Schoennauer,A.W
942
_2
udc
_c
BK
999
_c
41733
_d
41733